El gran despojo : Texas, Nuevo México, California /

Este libro ofrece la reconstrucción de uno de los episodios más lamentables de la historia de México: la pérdida de una gran parte del territorio nacional, a manos de Estados Unidos, a mediados del siglo XIX. Desde esa época, Texas, Nuevo México y California formaron parte de Estados Unidos. Este es...

Olles dieđut

Furkejuvvon:
Bibliográfalaš dieđut
Váldodahkki: Medina Castro, Manuel (autor)
Materiálatiipa: Girji
Giella:espánnjágiella
Almmustuhtton: México : Diógenes, 1971, c1971
Fáttát:
Fáddágilkorat: Lasit fáddágilkoriid
Eai fáddágilkorat, Lasit vuosttaš fáddágilkora!

MARC

LEADER 00000nam^a2200000^a^4500
001 000182894
005 20250521000000.0
009 20260310102021.039
037 |a Acervo ITESO - Biblioteca 
041 |a ESP 
082 |a 972. 04  |b MED 
100 |a Medina Castro, Manuel  |e (autor) 
245 1 3 |a El gran despojo :  |b Texas, Nuevo México, California /  |c M. Medina Castro. 
264 4 |a México :  |b Diógenes,  |c 1971, c1971 
300 |a 94 p. 
336 |a texto  |b txt  |2 rdacontenido 
337 |a sin mediación  |b n  |2 rdamedio 
338 |a volumen  |b nc  |2 rdasoporte 
520 |a Este libro ofrece la reconstrucción de uno de los episodios más lamentables de la historia de México: la pérdida de una gran parte del territorio nacional, a manos de Estados Unidos, a mediados del siglo XIX. Desde esa época, Texas, Nuevo México y California formaron parte de Estados Unidos. Este estudio se basa fundamentalmente en documentos del Departamento de Estado y otras fuentes estadounidenses. 
649 |a XX 
650 |a Conflictos Territoriales -  |z México 
650 |a Relaciones Internacionales -  |z México-EUA 
650 |a México -  |x Historia -  |y Guerra de Texas, 1835-1836 
650 |a México -  |x Historia -  |y Federalismo, 1846-1853 
650 |a México -  |x Historia -  |y Federalismo y Centralismo, 1824-1853 
650 |a México -  |x Historia -  |y Siglo XIX 
650 |a México -  |x Historia 
650 |a Política -  |z México -  |x Historia -  |y Siglo XIX 
650 |a Política -  |z EUA -  |x Historia -  |y Siglo XIX 
910 |a Fondo Armando Suárez Gómez 
920 |a Impresos - Libros 
930 |a Fondos Especiales 
905 |a 111 
901 |a 0700006507  |b IT2  |c ESP  |u 20250521 
902 |a https://opac.biblio.iteso.mx/vufind/Record/000182894